000 00451nam a2200157Ia 4500
008 210716s2005 xx 000 0 und d
020 _a8172248547
041 _aeng
082 _a332.644 PATD
100 _aPatwari, D C;Bhargava, A.
245 _aOptions and futures: Indian perspective.
_bIndian perspective.
250 _a1
260 _aNew Delhi
_bJaico Publishing House
_c2005
300 _axiii,295
650 _aDerivatives & Risk Management
999 _c201391
_d201391